00630cam a2200169 a 4500020001500000020001800015040000800033082002600041245008000067246005000147260010000197300003600297650002500333650001900358650002600377856005700403 a0821367277 a9780821367278 cIXA00a330 INT 2007 A021 Or.00aGlobal economic prospects :bmanaging the next wave of globalization, 2007.30aManaging the next wave of globalization, 2007 aWashington, DC :bInternational Bank for Reconstruction and Development/The World Bank,cc2007. axxvii, 180 p. :bill. ;c27 cm. 0aEconomic forecasting 0aGlobalization. 0aEconomic forecasting.41uhttp://www.loc.gov/catdir/toc/fy0713/2007296722.html